Statystyki dla Państwa z którymi graniczy Polska

Kliknij tutaj aby rozwiązać quiz!

Ogólne statystyki

  • Ten quiz został rozwiązany 460 razy
  • Średni wynik to 7 z 7

Statystyki odpowiedzi

HintPaństwo% Poprawnych
Duzy krajNiemcy
100%
Duży krajRosja
99%
mały krajSłowacja
99%
Średni krajBiałoruś
98%
mały krajCzechy
98%
Duży krajUkraina
98%
mały krajLitwa
97%

Rozkład punktacji

Percentyl według liczby udzielonych odpowiedzi

Procent ludzi z każdym wynikiem

Twoja historia wyników

Nie rozwiązałeś tego quizu